| 000 | 00688nam a2200205 u 4500 | ||
|---|---|---|---|
| 001 | 000504670 | ||
| 003 | AM-YeHGA | ||
| 005 | 20250617134727.0 | ||
| 008 | 061018s1984 ||||||||||||||||||||rus d | ||
| 040 | _aAM-YeHGA | ||
| 041 | 0 | _arus | |
| 100 | 1 | _aБаскин, Юрий Яковлевич | |
| 245 | 1 | 0 |
_aКант / _cЮ.Я. Баскин ; Редкол.: В.С. Нерсесянц и др. |
| 260 |
_aМосква : _bЮрид. лит., _c1984. |
||
| 300 | _a88 с. | ||
| 440 | 0 | _aИз истории политической и правовой мысли | |
| 650 | 1 | 4 | _aФилософские науки |
| 700 | 1 |
_aНерсесянц, В.С. _eред. _4edt |
|
| 090 | _c188457 | ||
| 999 |
_c186994 _d186994 |
||